Bibliografía jurídica de América Latina. (1810-1965).
Պահպանված է:
| Հիմնական հեղինակ: | |
|---|---|
| Ձևաչափ: | Գիրք |
| Լեզու: | անգլերեն |
| Հրապարակվել է: |
Santiago, Chile:
Ediciones del Instituto de Historia del Derecho; Juan de Solórzano y Pereyra,
2001.
|
| Շարք: | Colección de Fuentes para la Historia del Derecho,
I. |
| Խորագրեր: | |
| Ցուցիչներ: |
Ավելացրեք ցուցիչ
Չկան պիտակներ, Եղեք առաջինը, ով նշում է այս գրառումը!
|
MARC
| LEADER | 00000nam a22000007a 4500 | ||
|---|---|---|---|
| 003 | CL-VaPUC | ||
| 005 | 20220822114423.0 | ||
| 008 | 220224t2001 ||||| |||| 00| 0 eng d | ||
| 999 | |c 434518 |d 434516 | ||
| 020 | |a 956-8022-04-X (t.III) | ||
| 020 | |a 956-8022-03-1 (colección) | ||
| 040 | |c Pontificia Universidad Católica de Valparaíso | ||
| 082 | 0 | 4 | |2 22 |a 340.816 VIL 2001 |
| 100 | 1 | |a Villalón Galdames, Alberto |9 499354 |e autor | |
| 245 | 1 | 0 | |a Bibliografía jurídica de América Latina. |b (1810-1965). |
| 260 | |a Santiago, Chile: |b Ediciones del Instituto de Historia del Derecho; |b Juan de Solórzano y Pereyra, |c 2001. | ||
| 300 | |a Tomo III. | ||
| 490 | 0 | |a Colección de Fuentes para la Historia del Derecho, |v I. | |
| 500 | |a c.1 Donación Familia Prof. Alejandro Guzmán Brito. | ||
| 505 | |a t.III: Chile. | ||
| 583 | |c 20220224 |k Yessy Stephany Diaz Vidal | ||
| 650 | 1 | |a Derecho |x Bibliografías |z América Latina |9 869555 | |
| 942 | |2 ddc |c BK |n 0 | ||
| 952 | |0 0 |1 0 |2 ddc |4 0 |6 340_816000000000000_VIL_2001 |7 1 |8 C_AGB |9 581407 |a BIBDER |b BIBDER |d 2022-02-24 |e Donación |h t.III |i 5647142 |o 340.816 VIL 2001 |p 5647142 |r 2023-01-25 |t 1 |w 2022-02-24 |y BK_US |k AGB | ||